000 01605cam a2200361Ia 4500
001 dinamationsdinos00dina
003 CaSfIA
005 20210118002217.0
007 cr||||
008 931215s1992 nyua j 000 0 eng d
010 _a 92082913
040 _aBIB
_cBIB
_dVHB
_dOCL
_dOCLCQ
_dBAKER
_dXY4
_dBTCTA
_dYDXCP
_dQJB
_dCaSfIA
020 _a0590470825
020 _a9780590470827
035 _a(OCoLC)29503769
050 1 4 _aQE862.D5
_bD48 1992
082 4 _a567.91
130 0 _aDinamation's dinosaurs.
245 1 0 _aDinamation's dinosaurs alive! /
_h[electronic resource]
_cphotographs by Dinamation International Corporation.
260 _aNew York :
_bScholastic,
_cc1992.
300 _a1 v. (unpaged) :
_bill. ;
_c25 x 21 cm.
500 _aOriginally published as: Dinomation's dinosaurs. England : Campbell Books, 1992.
500 _a"Cartwheel books."
610 2 0 _aDinamation International Corporation.
650 0 _aDinosaurs.
710 2 _aDinamation International Corporation.
740 0 1 _aDinosaurs alive!
856 4 1 _uhttp://www.archive.org/details/dinamationsdinos00dina
_zFree eBook from the Internet Archive
856 4 2 _uhttp://www.openlibrary.org/books/OL20939372M
_zAdditional information and access via Open Library
942 _cEB
506 _fНеобхідна авторизація на https://archive.org/ (створення облікового запису безкоштовно)
506 _fНеобхідна авторизація на https://openlibrary.org/ (створення облікового запису безкоштовно)
999 _c488783
_d488783